| 000 | 00714nam a2200229 i 4500 | ||
|---|---|---|---|
| 001 | 69096 | ||
| 003 | ES-MaACL | ||
| 005 | 20260525062928.0 | ||
| 007 | t| | ||
| 008 | 040909s2004 sp ||||1| spa d | ||
| 020 | _a84-1670-1421-0 | ||
| 080 | _a821.134.2-14"19" | ||
| 100 | 1 |
_aRodríguez, Claudio, _d1934-1999 _998224 |
|
| 245 | 1 | 0 |
_aAntología poética / _cClaudio Rodríguez ; edición Angel Rupérez. |
| 260 |
_aPozuelo de Alarcón (Madrid) : _bEspasa Calpe, _c[2004] |
||
| 300 |
_a233 p. ; _c18 cm. |
||
| 490 | 1 |
_aColección austral ; _v549 |
|
| 700 | 1 |
_aRupérez, Angel. _9101001 |
|
| 830 | 0 |
_aColección austral _v549 _9177655 |
|
| 852 |
_aES-MaACL _jL-28100 _bR.133986 |
||
| 999 |
_c69096 _d69096 |
||